Versions of primary education

Saved in:
Bibliographic Details
Main Author: Alexander, Robin J.
Format: Book
Language:English
Published: London : Routledge, 1995
Subjects:
Tags: Add Tag
No Tags, Be the first to tag this record!

MARC

LEADER 00000nam a2200000 i 4500
001 1/80876
008 990513s1995 eng d
020 |a 0-415-12838-2 
035 |l 10050749 
040 |a GR-MY-UA  |b gre  |e aacr 
041 0 |a eng 
082 0 |a 372.942 
100 1 |a Alexander, Robin J. 
245 1 0 |a Versions of primary education /  |c Robin Alexander with contributions from John Willcocks, kay Kinder and Nick Nelson 
260 |a London :   |b Routledge,   |c 1995 
300 |a 338 p. 
650 0 0 |a Education, Elementary  |z England. 
650 0 0 |a Education and state  |z England. 
852 |a INST  |b RHODES  |e 19990513  |h 372.942 ALE  |p 005400015265  |q 005400015265  |t BK  |y 0 
901 |a BIBL4-1999-2 
909 |a Ρ  |b 064899  |c 1999 
922 |a 4ΕΛΗ  |b 199903  |d LEADER